Statistics for Google Most Asked #1

Click here to take the quiz!

General Stats

  • This quiz has been taken 7 times
  • The average score is 2 of 10

Answer Stats

Is it possible to ______Most Asked% Correct
1.Fly
100%
7.Never Die | Not Die
60%
5.Change eye color
20%
8.Live on Mars
20%
9.Teleport
20%
6.be allergic to weed
0%
3.Feel No Pain
0%
2.Grow taller
0%
10.Have black hair
0%
4.Know every language
0%

Score Distribution

Percentile by Number Answered

Percent of People with Each Score

Your Score History

You have not taken this quiz